01179nam a2200193Ia 4500001001100000003001000011008004100021040002500062041001300087100001600100245009500116250001100211260008400222300002700306500026000333501011400593520026000707650001800967L760-29571IT-CnALBA170116s9999||||xx |||||||||||||| ||und|| aIT-CnALBAcIT-CnALBA aITALIANO aCOLOMBO PIO 0aENCICLOPEDIA POLIGRAFICA. LA LEGATURA ARTISTICA. STORIA E CRITICA. VOL. II DELLA SERIE I.  a1a ed. a ROMAbRAGGIO EDITRICE LIBRARIA c1952 [1° Ed.:1952 - Ed.Ling.Originale: 1952] a177 p. (prefazione: 8) aPREMESSA DI CALBIATI C. ORIGINE ED EVOLUZIONE DEL LIBRO. STAMPA A CARETTERI MOBILI. LITIGRAFIA. EDIZIONI PER BIBLIOFILI. RILEGATURA E RILEGATURE. LEGATURA ITALIANA NEL RINASCIMENTO. IN ITALIA. IN FRANCIA, INGHILTERRA GERMANIA. NEI SECOLI XVIII E XIX. LEGA aSocietà San Paolo EM - Piazza San Paolo, 14 - 12051 ALBA (CN) (non commercial uses only) ® Copyright 2017 aPREMESSA DI CALBIATI C. ORIGINE ED EVOLUZIONE DEL LIBRO. STAMPA A CARETTERI MOBILI. LITIGRAFIA. EDIZIONI PER BIBLIOFILI. RILEGATURA E RILEGATURE. LEGATURA ITALIANA NEL RINASCIMENTO. IN ITALIA. IN FRANCIA, INGHILTERRA GERMANIA. NEI SECOLI XVIII E XIX. LEGA aARTI GRAFICHE